000 00554nam a2200181Ia 4500
003 GCL
008 140319s9999 xx 000 0 eng d
040 _aGCL /
_cGCL
082 0 4 _a338.9
_bU H
100 1 _aUNITED NATION DEVDLOPMENT PROGRAMME
245 1 0 _aHUMAN DEVELOPMENT: REPORT 1995 /
_cUNITED NATION DEVDLOPMENT PROGRAMME
260 _a[S.N] :
_bTHE UNITED NATION DEVELOPMENT PROGRAMME ،
_c1995
300 _a229
650 0 4 _aHUMAN DEVOLOPMENT
650 0 4 _aDEVELOPMENT PROGRAMME
650 0 4 _aREPORTS AND REPORTING - U.S
942 _2ddc
_cBK
999 _c11817
_d11817